State of State Central Libraries in India: (Record no. 63459)

MARC details
000 -LEADER
fixed length control field 00717nam a22001577a 4500
005 - DATE AND TIME OF LATEST TRANSACTION
control field 2012021600430.0
020 ## - INTERNATIONAL STANDARD BOOK NUMBER
International Standard Book Number 8121208238
Terms of availability 790.00
035 ## - SYSTEM CONTROL NUMBER
System control number B-107273
037 ## - SOURCE OF ACQUISITION
Stock number DPL
Source of stock number/acquisition ENG
100 ## - MAIN ENTRY--PERSONAL NAME
Personal name Ramasamy,R
245 ## - TITLE STATEMENT
Title State of State Central Libraries in India:
Statement of responsibility, etc by R.Ramasamy
Remainder of title An Analytical Study/
260 ## - PUBLICATION, DISTRIBUTION, ETC. (IMPRINT)
Place of publication, distribution, etc Delhi
Name of publisher, distributor, etc Gyan Publishing House
Date of publication, distribution, etc 2003
300 ## - PHYSICAL DESCRIPTION
Extent 318p.
Dimensions 23 cms.
942 ## - ADDED ENTRY ELEMENTS (KOHA)
Source of classification or shelving scheme Dewey Decimal Classification
Item type English Books
Classification part 027.554
Call number suffix RAM
Holdings
Withdrawn status Lost status Not for loan Collection code Home library Current library Date acquired Full call number Barcode Cost, replacement price Koha item type
      Non-fiction Sarojini Nagar Sarojini Nagar 27/02/2012 027.554 RAM B-107273 790.00 English Books

© Delhi Public Library
Hit Counter
free hit counter